Assessing risks posed by hazardous ground gases to buildings (Record no. 107847)

MARC details
000 -LEADER
fixed length control field 01424cam a22003135a 4500
001 - CONTROL NUMBER
control field L142151
008 - FIXED-LENGTH DATA ELEMENTS--GENERAL INFORMATION
fixed length control field 080125s2007 xxkado f 000 0 eng d
020 ## - INTERNATIONAL STANDARD BOOK NUMBER
International Standard Book Number 9780860176657
035 ## - SYSTEM CONTROL NUMBER
System control number (Sirsi) u142151
041 0# - LANGUAGE CODE
Language code of text/sound track or separate title eng
050 04 - LIBRARY OF CONGRESS CALL NUMBER
Classification number 333.73 $2 18
100 1# - MAIN ENTRY--PERSONAL NAME
Personal name Wilson, S.
245 00 - TITLE STATEMENT
Title Assessing risks posed by hazardous ground gases to buildings
250 ## - EDITION STATEMENT
Edition statement Rev. ed.
260 ## - PUBLICATION, DISTRIBUTION, ETC.
Place of publication, distribution, etc. CIRIA
Date of publication, distribution, etc. 2007
300 ## - PHYSICAL DESCRIPTION
Extent xviii, 182p.
Other physical details ill.
Dimensions 30cm.
490 #0 - SERIES STATEMENT
Series statement CIRIA
Volume/sequential designation (C665)
505 2# - FORMATTED CONTENTS NOTE
Formatted contents note Introduction -- Hazardous gases -- Development of initial conceptual model and preliminary risk assessment - site characterisation -- Methods of non-intrusive and intrusive investigation -- Monitoring methodologies -- Sampling methodologies -- Interpretation of results -- Assessment of risk -- Remedial options -- Post development monitoring
520 ## - SUMMARY, ETC.
Summary, etc. Discusses practice in the collection of relevant data and in the monitoring of programmes in a risk-based approach to gas contaminated land. Describes the mitigation and management of potentially unacceptable risk with reference to both passive and active systems of gas control.
521 2# - TARGET AUDIENCE NOTE
Target audience note Advanced
590 ## - LOCAL NOTE (RLIN)
Local note KA
651 #4 - SUBJECT ADDED ENTRY--GEOGRAPHIC NAME
Geographic name United Kingdom
Chronological subdivision
690 ## - LOCAL SUBJECT ADDED ENTRY--TOPICAL TERM (OCLC, RLIN)
Topical term or geographic name as entry element ENVIRONMENTAL AND LAND CONSULTANCY-WASTE MANAGEMENT-HAZARDOUS WASTE TREATMENT
700 1# - ADDED ENTRY--PERSONAL NAME
Personal name Oliver, S.
700 1# - ADDED ENTRY--PERSONAL NAME
Personal name Mallett, H.
700 1# - ADDED ENTRY--PERSONAL NAME
Personal name Hutchings, H.
700 1# - ADDED ENTRY--PERSONAL NAME
Personal name Card, G.
942 ## - ADDED ENTRY ELEMENTS (KOHA)
Suppress in OPAC 0
Holdings
Withdrawn status Lost status Source of classification or shelving scheme Damaged status Not for loan Home library Current library Shelving location Date acquired Total Checkouts Full call number Barcode Date last seen Copy number Price effective from Koha item type
    Dewey Decimal Classification     London London Books 25/01/2008   F333.73 WIL 30072558 06/08/2019 1 06/08/2019 Book